header

Donne, Castiglione, and the poetry of courtliness (Record no. 12471)

MARC details
000 -LEADER
fixed length control field 01719nam a2200397 a 4500
082 04 - DEWEY DECIMAL CLASSIFICATION NUMBER
Classification number 821/.3
100 1# - MAIN ENTRY--AUTHOR NAME
Personal name Wiggins, Peter DeSa.
245 10 - TITLE STATEMENT
Title Donne, Castiglione, and the poetry of courtliness
260 ## - PUBLICATION, DISTRIBUTION, ETC. (IMPRINT)
Place of publication Bloomington :
Name of publisher Indiana University Press,
Year of publication c2000.
300 ## - PHYSICAL DESCRIPTION
Number of Pages viii, 174 p. :
Other physical details ill.
650 #0 - SUBJECT ADDED ENTRY--TOPICAL TERM
Topical Term Courtesy in literature.
Topical Term Courts and courtiers in literature.
Topical Term English poetry
Topical Term Political poetry, English
Topical Term Politics and literature
856 40 - ELECTRONIC LOCATION AND ACCESS
Uniform Resource Identifier http://site.ebrary.com/lib/rucke/Doc?id=10018380

No items available.

© 2026 Rongo University
Contact us: librarian | system librarian | Rongo university